Kavya samvahana. (Record no. 104588)
[ view plain ]
| 000 -LEADER | |
|---|---|
| fixed length control field | 00597nam a2200193Ia 4500 |
| 003 - CONTROL NUMBER IDENTIFIER | |
| control field | OSt |
| 005 - DATE AND TIME OF LATEST TRANSACTION | |
| control field | 20250829151840.0 |
| 008 - FIXED-LENGTH DATA ELEMENTS--GENERAL INFORMATION | |
| fixed length control field | 210210b1999 xxu||||| |||| 00| 0 eng d |
| 040 ## - CATALOGING SOURCE | |
| Transcribing agency | AL |
| 041 ## - LANGUAGE CODE | |
| Language code of text/sound track or separate title | Kannada |
| 082 ## - DEWEY DECIMAL CLASSIFICATION NUMBER | |
| Classification number | K894.109 SIDK |
| 100 ## - MAIN ENTRY--PERSONAL NAME | |
| Personal name | SIDDHADGANGAYYA HOLATAL (HR) |
| 9 (RLIN) | 95924 |
| Dates associated with a name | ಸಿದ್ಧಗಂಗಯ್ಯ ಹೊಲತಾಳ್ (ಹೆಚ್ ಆರ್) |
| 245 ## - TITLE STATEMENT | |
| Title | Kavya samvahana. |
| Remainder of title | ಕಾವ್ಯ ಸಂವಹನ |
| 260 ## - PUBLICATION, DISTRIBUTION, ETC. | |
| Place of publication, distribution, etc. | Biligere |
| Name of publisher, distributor, etc. | Namma Prakashana |
| Date of publication, distribution, etc. | 1999 |
| 300 ## - PHYSICAL DESCRIPTION | |
| Extent | xiii,476 |
| 690 ## - LOCAL SUBJECT ADDED ENTRY--TOPICAL TERM (OCLC, RLIN) | |
| Topical term or geographic name as entry element | Kannada Poetry Criticism |
| 9 (RLIN) | 95925 |
| 906 ## - LOCAL DATA ELEMENT F, LDF (RLIN) | |
| a | 056883 |
| 942 ## - ADDED ENTRY ELEMENTS (KOHA) | |
| Source of classification or shelving scheme | Dewey Decimal Classification |
| Koha item type | Book |
| Withdrawn status | Lost status | Source of classification or shelving scheme | Damaged status | Not for loan | Collection code | Home library | Current library | Date acquired | Cost, normal purchase price | Total Checkouts | Full call number | Barcode | Date last seen | Price effective from | Koha item type | Source of acquisition |
|---|---|---|---|---|---|---|---|---|---|---|---|---|---|---|---|---|
| Dewey Decimal Classification | Kannada | St Aloysius Library | St Aloysius Library | 02/17/2021 | 150.00 | K894.109 SIDK | 056545 | 02/17/2021 | 02/17/2021 | Book | ||||||
| Dewey Decimal Classification | Kannada | St Aloysius Library | St Aloysius Library | 02/17/2021 | 150.00 | K894.109 SIDK | 056883 | 02/17/2021 | 02/17/2021 | Book | Athree Book Centre, Mangalore-01. |